000
00340nam a2200145Ia 4500
008
150201s2011 xx 000 0 und d
082
_a
610.7367
_b
L11C
100
_a
CHINTAMANI
245
_a
LEWIS'S MEDICAL SURGICAL NURSING
250
_a
1ST
260
_b
ELSEVIER
_a
INDIA
_c
2011
300
_a
1833
650
_a
SURGERY
942
_2
ddc
_c
BK
999
_c
1971
_d
1971